书目信息 |
| 题名: |
梦溪笔谈 上
|
|
| 作者: | 沈括 著 ;堵军 编校 | |
| 分册: | ||
| 出版信息: | 北京 中央民族大学出版社 2002.07 |
|
| 页数: | 280页 | |
| 开本: | 21cm | |
| 丛书名: | ||
| 单 册: | ||
| 中图分类: | Z429.441 | |
| 科图分类: | ||
| 主题词: | 笔记--中国--北宋 | |
| 电子资源: | ||
| ISBN: | 7-81056-661-X | |
| 000 | 00908nam0 2200325 450 | |
| 001 | 073000001805 | |
| 005 | 20040224165815.0 | |
| 010 | @a7-81056-661-X@dCNY22.50 | |
| 099 | @aCAL 012004065899 | |
| 100 | @a20040224d2002 em y0chiy0121 ea | |
| 101 | 1 | @achi |
| 102 | @aCN@b110000 | |
| 105 | @ay z 000yy | |
| 200 | 1 | @a梦溪笔谈 上@Ameng xi bi tan shang@f(北宋)沈括著@g堵军编校 |
| 210 | @a北京@c中央民族大学出版社@d2002.07 | |
| 215 | @a280页@d21cm | |
| 300 | 2 | @a中华五千年@i百科精述 |
| 410 | 0 | @12001 @a百科精述 |
| 410 | 0 | @12001 @a中华五千年 |
| 606 | @a笔记@y中国@z北宋 | |
| 690 | @aZ429.441@v4 | |
| 701 | 0 | @a沈括@AShen Kuo@4著 |
| 702 | 0 | @a堵军@ADu Jun@4编校 |
| 801 | 2 | @aCN@bHX@c20040224 |
| 905 | @aBZT@dZ429.441@e1-1 | |
| 920 | @a244180@z1 | |
| 920 | @a237040@z1 | |
| 920 | @a241420@z1 | |
| 998 | @aSCNU | |
| 999 | @tC@Axiuxia@a20040224 16:58:13@Ixiuxia@i20040224 16:58:15 | |
| 梦溪笔谈 上/(北宋)沈括著/堵军编校.-北京:中央民族大学出版社,2002.07 |
| 280页;21cm |
| 中华五千年 |
| ISBN 7-81056-661-X:CNY22.50 |
| ● |
| 相关链接 |
|
|
|
正题名:梦溪笔谈 上
索取号:Z429.441/1-1
 
预约/预借
| 序号 | 登录号 | 条形码 | 馆藏地/架位号 | 状态 | 备注 |
| 1 | 422091 | 210486687 | 中心书库北库/ 北库039架B面3列2层47/ [索取号:Z429.441/1-1] | 在馆 | |
| 2 | 422092 | 210486678 | 中心书库北库/ 北库039架B面3列2层45/ [索取号:Z429.441/1-1] | 在馆 | |
| 3 | 422093 | 210486669 | 中心书库北库/ 北库039架B面3列2层40/ [索取号:Z429.441/1-1] | 在馆 | |
| 4 | 422094 | 210486650 | 中心书库北库/ 北库039架B面3列2层41/ [索取号:Z429.441/1-1] | 在馆 | |
| 5 | 422095 | 210486721 | 中心书库北库/ 北库039架B面3列2层30/ [索取号:Z429.441/1-1] | 在馆 | |
| 6 | 422096 | 210486749 | 中心书库北库/ 北库039架B面3列2层43/ [索取号:Z429.441/1-1] | 在馆 | |
| 7 | 422097 | 210486703 | 中心书库北库/ 北库039架B面3列2层46/ [索取号:Z429.441/1-1] | 在馆 | |
| 8 | 422098 | 210486730 | 中心书库北库/ 北库039架B面3列2层42/ [索取号:Z429.441/1-1] | 在馆 | |
| 9 | 422099 | 210486712 | 中心书库北库/ 北库039架A面1列6层2/ [索取号:Z429.441/1-1] | 在馆 | |
| 10 | 422100 | 210486696 | 中心书库北库/ 北库039架B面3列2层44/ [索取号:Z429.441/1-1] | 在馆 |